|
|
|
|
| LEADER |
00000nab#a22000007a#4500 |
| 001 |
arbauad042477 |
| 003 |
AR-BaUAD |
| 005 |
20250711113315.0 |
| 008 |
000207|||||||||###||||||b###|0###a|spa|| |
| 040 |
|
|
|a AR-BaUAD
|c AR-BaUAD
|b spa
|
| 100 |
|
|
|a Claustrat, Franck
|
| 245 |
|
|
|a Vigeland, la force vitale /
|c Franck Claustrat;
|
| 300 |
0 |
|
|b p. 102-107 ; 124-125: fot. cap.
|
| 653 |
|
|
|a NORUEGA
|
| 653 |
|
|
|a OSLO
|
| 653 |
|
|
|a HISTORIA
|
| 653 |
|
|
|a ARTE
|
| 653 |
|
|
|a ESCULTURA
|
| 653 |
|
|
|a PARQUES
|
| 653 |
|
|
|a ESCULTORES
|
| 653 |
|
|
|a VIGELAND, GUSTAV
|
| 653 |
|
|
|a BIOGRAFIAS
|
| 773 |
0 |
|
|t L'OEIL
|g no. 512 [dic. 1999-ene. 2000]
|
| 942 |
|
|
|c ARTI
|
| 952 |
|
|
|0 0
|1 0
|4 0
|7 0
|9 87396
|a AR-BAuAD
|b AR-BAuAD
|d 2025-07-11
|l 0
|p AAQA042477
|r 2025-07-11 11:33:15
|w 2025-07-11
|y ARTI
|
| 990 |
|
|
|a A200
|b TD
|
| 998 |
|
|
|a AAQ
|b BIBUN76
|
| 999 |
|
|
|c 67069
|d 67069
|